[Event "ROU-ch Open 2021"]
[Site "Iasi"]
[Date "2021.04.22"]
[Round "5.8"]
[White "Nastore, Pavel-Alexandru"]
[Black "Stepanencu, Nicodim-Cosmin"]
[Result "1/2-1/2"]
[WhiteElo "2256"]
[BlackElo "2104"]
[Annotator "ChessBase"]
[PlyCount "120"]
[EventDate "2021.04.19"]
[EventType "swiss"]
[EventCountry "ROU"]
[SourceTitle "playchess.com"]
[Source "ChessBase"]
[SourceQuality "1"]
[TimeControl "5400+30"]

1. e4 {[%emt 0:00:00]} c6 {[%emt 0:00:00]} 2. d4 {[%emt 0:00:05]} d5 {[%emt 0:00:02]} 3. exd5 {[%emt 0:00:05]} cxd5 {[%emt 0:00:08]} 4. c4 {[%emt 0:00:03]} Nf6 {[%emt 0:00:07]} 5. Nc3 {[%emt 0:00:17]} g6 {[%emt 0:05:53]} 6. Nf3 {[%emt 0:00:33]} Bg7 {[%emt 0:00:10]} 7. Be2 {[%emt 0:00:56]} O-O {[%emt 0:00:39]} 8. O-O {[%emt 0:00:15]} Nc6 {[%emt 0:02:49]} 9. Be3 {[%emt 0:16:46]} dxc4 {[%emt 0:15:24]} 10. Bxc4 {[%emt 0:00:34]} Na5 {[%emt 0:15:58]} 11. Bd3 {[%emt 0:14:26]} Be6 {[%emt 0:02:50]} 12. Qe2 {[%emt 0:09:09]} Rc8 {[%emt 0:00:58]} 13. Rac1 {[%emt 0:00:35]} Bc4 {[%emt 0:15:33]} 14. b4 {[%emt 0:22:41]} Bxd3 {[%emt 0:00:34]} 15. Qxd3 {[%emt 0:00:04]} Nc4 {[%emt 0:15:00]} 16. Nb5 {[%emt 0:01:48]} Nd6 {[%emt 0:00:20]} 17. Rxc8 {[%emt 0:12:36]} Nxc8 {[%emt 0:00:21]} 18. Rc1 {[%emt 0:01:06]} Nd5 {[%emt 0:02:04]} 19. Qb3 {[%emt 0:00:57]} e6 {[%emt 0:02:10]} 20. h3 {[%emt 0:02:15]} h6 {[%emt 0:03:45]} 21. a3 {[%emt 0:02:09]} Nce7 {[%emt 0:01:03]} 22. Nc3 {[%emt 0:00:47]} Qd7 {[%emt 0:11:35]} 23. Nxd5 {[%emt 0:03:52]} Nxd5 {[%emt 0:00:01]} 24. Qc2 {[%emt 0:00:33]} Qb5 {[%emt 0:03:51]} 25. Qd2 {[%emt 0:01:16]} Kh7 {[%emt 0:00:21]} 26. Rc5 {[%emt 0:00:56]} Qd7 {[%emt 0:00:04]} 27. h4 {[%emt 0:02:05]} b6 {[%emt 0:00:33]} 28. Rc1 {[%emt 0:00:25]} Rc8 {[%emt 0:00:09]} 29. h5 {[%emt 0:01:12]} g5 {[%emt 0:00:51]} 30. Rc2 {[%emt 0:02:53]} f5 {[%emt 0:01:04]} 31. Ne5 {[%emt 0:01:35]} Rxc2 {[%emt 0:00:41]} 32. Qxc2 {[%emt 0:00:06]} Bxe5 {[%emt 0:00:02]} 33. dxe5 {[%emt 0:00:11]} Qc7 {[%emt 0:00:28]} 34. Qd3 {[%emt 0:01:31]} Qxe5 {[%emt 0:00:11]} 35. Bd4 {[%emt 0:00:03]} Qe1+ {[%emt 0:01:00]} 36. Kh2 {[%emt 0:00:07]} Qe4 {[%emt 0:00:03]} 37. Qxe4 {[%emt 0:02:28]} fxe4 {[%emt 0:00:01]} 38. g3 {[%emt 0:00:16]} Kg8 {[%emt 0:00:59]} 39. Kg2 {[%emt 0:00:09]} Kf7 {[%emt 0:00:40]} 40. Kf1 {[%emt 0:00:06]} Nf6 {[%emt 0:00:39]} 41. a4 {[%emt 0:00:52]} Nd5 {[%emt 0:00:46]} 42. b5 {[%emt 0:00:29]} Nf6 {[%emt 0:00:32]} 43. Ke2 {[%emt 0:00:04]} Nd7 {[%emt 0:00:10]} 44. Ke3 {[%emt 0:01:33]} e5 {[%emt 0:00:01]} 45. Ba1 {[%emt 0:01:07]} Ke6 {[%emt 0:00:04]} 46. Kxe4 {[%emt 0:00:05]} Nc5+ {[%emt 0:00:23]} 47. Ke3 {[%emt 0:00:04]} Nxa4 {[%emt 0:00:04]} 48. f4 {[%emt 0:00:02]} exf4+ {[%emt 0:00:34]} 49. gxf4 {[%emt 0:00:06]} Kf5 {[%emt 0:00:03]} 50. Be5 {[%emt 0:00:58]} gxf4+ {[%emt 0:02:39]} 51. Bxf4 {[%emt 0:00:05]} Nc3 {[%emt 0:00:05]} 52. Bxh6 {[%emt 0:00:56]} Nxb5 {[%emt 0:00:04]} 53. Bf8 {[%emt 0:00:20]} Nc7 {[%emt 0:00:32]} 54. Bd6 {[%emt 0:01:22]} Ne6 {[%emt 0:00:18]} 55. Kd3 {[%emt 0:00:07]} a6 {[%emt 0:00:43]} 56. Kc4 {[%emt 0:00:30]} b5+ {[%emt 0:00:59]} 57. Kb4 {[%emt 0:01:21]} Nd8 {[%emt 0:00:04]} 58. Bf8 {[%emt 0:00:16]} Nc6+ {[%emt 0:00:35]} 59. Kc5 {[%emt 0:00:12]} Ne5 {[%emt 0:00:01]} 60. Kb6 {[%emt 0:00:40]} Nd7+ {[%emt 0:00:11]} 1/2-1/2

[Event "ROU-ch Open 2021"]
[Site "Iasi"]
[Date "2021.04.22"]
[Round "5.9"]
[White "Martian, Dragos-Daniel"]
[Black "Ignat, Matei-Marius"]
[Result "0-1"]
[WhiteElo "2198"]
[BlackElo "1978"]
[Annotator "NA"]
[PlyCount "122"]
[EventDate "2021.04.19"]
[EventType "swiss"]
[EventCountry "ROU"]
[SourceTitle "playchess.com"]
[Source "ChessBase"]
[SourceQuality "1"]
[TimeControl "5400+30"]

1. e4 {[%emt 0:04:01]} c5 {[%emt 0:00:00]} 2. c3 {[%emt 0:03:21]} Nf6 {[%emt 0:00:00]} 3. e5 {[%emt 0:00:03]} Nd5 {[%emt 0:00:00]} 4. d4 {[%emt 0:00:03]} cxd4 {[%emt 0:00:00]} 5. Nf3 {[%emt 0:00:03]} Nc6 {[%emt 0:00:14]} 6. cxd4 {[%emt 0:00:08]} d6 {[%emt 0:00:07]} 7. Bc4 {[%emt 0:00:08]} Nb6 {[%emt 0:00:39]} 8. Bb3 {[%emt 0:00:05]} dxe5 {[%emt 0:02:50]} 9. d5 {[%emt 0:00:45]} Na5 {[%emt 0:00:36]} 10. Nc3 {[%emt 0:00:05]} f6 {[%emt 0:14:13]} 11. Be3 {[%emt 0:00:26]} g6 {[%emt 0:18:35]} 12. O-O {[%emt 0:00:46]} Bg7 {[%emt 0:11:14]} 13. d6 {[%emt 0:00:23]} exd6 {[%emt 0:20:41]} 14. Rc1 {[%emt 0:00:52]} Nxb3 {[%emt 0:12:17]} 15. Qxb3 {[%emt 0:01:29]} d5 {[%emt 0:00:18]} 16. Bxb6 {[%emt 0:03:05]} Qxb6 {[%emt 0:01:13]} 17. Qxb6 {[%emt 0:01:35]} axb6 {[%emt 0:00:04]} 18. Nxd5 {[%emt 0:00:07]} O-O {[%emt 0:02:55]} 19. Nxb6 {[%emt 0:00:50]} Rb8 {[%emt 0:01:23]} 20. Rc7 {[%emt 0:01:28]} Be6 {[%emt 0:00:51]} 21. a4 {[%emt 0:09:54]} Rfd8 {[%emt 0:07:30]} 22. a5 {[%emt 0:13:15]} Bf8 {[%emt 0:01:11]} 23. Ra1 {[%emt 0:08:14]} e4 {[%emt 0:01:40]} 24. Ne1 {[%emt 0:00:18]} Rd2 {[%emt 0:00:32]} 25. Nc2 {[%emt 0:02:12]} Bd6 {[%emt 0:01:01]} 26. Rc3 {[%emt 0:05:23]} Be5 {[%emt 0:00:02]} 27. Rc5 {[%emt 0:01:01]} Bd6 {[%emt 0:00:18]} 28. Rc3 {[%emt 0:00:20]} Be5 {[%emt 0:00:03]} 29. Rc5 {[%emt 0:00:03]} Rbd8 {[%emt 0:02:19]} 30. Ne3 {[%emt 0:02:40]} Rxb2 {[%emt 0:01:14]} 31. Rac1 {[%emt 0:02:18]} Bd4 {[%emt 0:00:29]} 32. R5c2 {[%emt 0:03:23]} Rxc2 {[%emt 0:00:24]} 33. Rxc2 {[%emt 0:00:10]} Bxb6 {[%emt 0:00:56]} 34. axb6 {[%emt 0:00:06]} Rd6 {[%emt 0:00:02]} 35. Rb2 {[%emt 0:00:12]} f5 {[%emt 0:00:14]} 36. g3 {[%emt 0:00:16]} Kf7 {[%emt 0:00:41]} 37. h4 {[%emt 0:01:52]} h6 {[%emt 0:00:13]} 38. Rb5 {[%emt 0:00:14]} Kf6 {[%emt 0:00:10]} 39. g4 {[%emt 0:00:48]} fxg4 {[%emt 0:01:40]} 40. Kh2 {[%emt 0:00:49]} Rd2 {[%emt 0:00:19]} 41. Kg3 {[%emt 0:00:10]} h5 {[%emt 0:00:11]} 42. Kg2 {[%emt 0:01:11]} Rd3 {[%emt 0:00:28]} 43. Kg3 {[%emt 0:01:47]} Rd2 {[%emt 0:00:23]} 44. Kg2 {[%emt 0:00:04]} Ke7 {[%emt 0:00:43]} 45. Kg3 {[%emt 0:00:37]} Kd6 {[%emt 0:00:26]} 46. Rg5 {[%emt 0:01:32]} Bf7 {[%emt 0:01:01]} 47. Rxg6+ {[%emt 0:00:07]} Bxg6 {[%emt 0:00:14]} 48. Nc4+ {[%emt 0:00:02]} Kc5 {[%emt 0:00:08]} 49. Nxd2 {[%emt 0:00:03]} Kxb6 {[%emt 0:00:23]} 50. Kf4 {[%emt 0:00:04]} Kc6 {[%emt 0:00:28]} 51. Kg5 {[%emt 0:01:54]} Be8 {[%emt 0:00:45]} 52. Kf6 {[%emt 0:02:54]} b5 {[%emt 0:00:43]} 53. Ke7 {[%emt 0:01:53]} e3 {[%emt 0:00:13]} 54. fxe3 {[%emt 0:00:57]} g3 {[%emt 0:00:42]} 55. Kxe8 {[%emt 0:02:22]} g2 {[%emt 0:00:27]} 56. Nf3 {[%emt 0:00:04]} Kd5 {[%emt 0:00:29]} 57. Kf7 {[%emt 0:00:56]} Ke4 {[%emt 0:00:54]} 58. Ng1 {[%emt 0:00:05]} b4 {[%emt 0:00:09]} 59. Kg6 {[%emt 0:00:04]} b3 {[%emt 0:00:03]} 60. Kxh5 {[%emt 0:00:22]} b2 {[%emt 0:00:39]} 61. Ne2 {[%emt 0:00:06]} Kxe3 {[%emt 0:00:08]} 0-1

[Event "ROU-ch Open 2021"]
[Site "Iasi"]
[Date "2021.04.22"]
[Round "5.10"]
[White "Deac, Bogdan-Daniel"]
[Black "Isfan, Ioan-Marius"]
[Result "1-0"]
[WhiteElo "2625"]
[BlackElo "2263"]
[Annotator "TA"]
[PlyCount "59"]
[EventDate "2021.04.19"]
[EventType "swiss"]
[EventCountry "ROU"]
[SourceTitle "playchess.com"]
[Source "ChessBase"]
[SourceQuality "1"]

{[%evp 9,59,3,4,6,29,36,20,14,22,10,39,40,53,46,78,57,56,60,69,66,177,162,203,194,218,195,243,258,247,229,227,193,202,187,481,465,480,468,460,352,348,359,878,603,762,757,1093,1010,996,929,29997,29998]} 1. Nf3 d5 2. e3 Nf6 3. c4 e6 4. Nc3 c5 5. cxd5 exd5 6. Bb5+ {A17: English Opening: 1...Nf6 with ...Bb4.} Bd7 {6...Nc6 might become the main line.} 7. Bxd7+ Qxd7 8. d4 {The position is equal.} Nc6 9. O-O cxd4 10. exd4 Be7 11. Ne5 {[#]} Qc7 $146 ({Predecessor:} 11... Qd8 12. Qa4 Qa5 13. Qxa5 Nxa5 14. Bg5 Rd8 15. Rfe1 Kf8 16. Rac1 h6 17. Be3 g6 {1-0 (51) Braun,G (2181)-Wurmb,P (1984) Radebeul 2019}) 12. Bf4 Qd8 $1 13. Qb3 O-O 14. Qxb7 Nb4 {[#]} (14... Nxd4 $14 15. Rad1 Bc5) 15. Qb5 $1 $36 {[%mdl 2048] a3 is the strong threat. White is really pushing.} Nh5 16. Be3 Bd6 17. Rac1 {aiming for a3.} ({But not} 17. Nxd5 $6 Rb8 $16) 17... f6 18. Nc6 Nxc6 19. Qxd5+ ({Don't do} 19. Qxc6 $6 Nf4) 19... Kh8 20. Qxh5 Rb8 21. Ne4 Nxd4 (21... Nb4 22. Nxd6 Qxd6) 22. Bxd4 Bxh2+ 23. Qxh2 Qxd4 24. Nc3 {[%cal Be4c3,Bc3d5,Bd5f4,Bf4g6][%mdl 32]} Rxb2 25. Qg3 Rc8 $2 {[#]} (25... Rd2 26. Rfe1 Rg8) 26. Nd5 $1 {[%cal Rc1c8][%mdl 512]} Re8 {[#]} (26... Rd8 27. Rc7) 27. Rfe1 $1 {[%cal Re1e8]} Rf8 {[#]} (27... Rbb8 28. Re7) 28. Rc7 $1 {[%csl Gc7][%cal Rg3g7]} f5 29. Nf4 Rg8 {[#]} 30. Ng6+ $1 {[%mdl 512] Black did not feel at home in the position after the opening.  Weighted Error Value: White=0.23/Black=0.77} 1-0

[Event "ROU-ch Open 2021"]
[Site "Iasi"]
[Date "2021.04.22"]
[Round "5.11"]
[White "Ciorgovean, Iustin"]
[Black "Albu, George"]
[Result "1-0"]
[WhiteElo "2338"]
[BlackElo "2050"]
[Annotator "ChessBase"]
[PlyCount "137"]
[EventDate "2021.04.19"]
[EventType "swiss"]
[EventCountry "ROU"]
[SourceTitle "playchess.com"]
[Source "ChessBase"]
[SourceQuality "1"]
[TimeControl "5400+30"]

1. d4 {[%emt 0:00:00]} Nf6 {[%emt 0:07:47]} 2. c4 {[%emt 0:00:00]} g6 {[%emt 0:00:11]} 3. Nc3 {[%emt 0:00:00]} Bg7 {[%emt 0:00:04]} 4. e4 {[%emt 0:00:00]} d6 {[%emt 0:00:03]} 5. Nf3 {[%emt 0:00:00]} O-O {[%emt 0:00:06]} 6. Be2 {[%emt 0:00:00]} e5 {[%emt 0:00:06]} 7. O-O {[%emt 0:00:03]} Nc6 {[%emt 0:00:04]} 8. d5 {[%emt 0:00:04]} Ne7 {[%emt 0:00:05]} 9. b4 {[%emt 0:00:05]} Nh5 {[%emt 0:00:20]} 10. a4 {[%emt 0:00:05]} f5 {[%emt 0:00:08]} 11. c5 {[%emt 0:00:46]} fxe4 {[%emt 0:00:09]} 12. Ng5 {[%emt 0:02:08]} Nf4 {[%emt 0:02:23]} 13. Bc4 {[%emt 0:04:49]} Kh8 {[%emt 0:21:20]} 14. Ngxe4 {[%emt 0:05:31]} Nf5 {[%emt 0:03:33]} 15. Ra2 {[%emt 0:09:05]} Nh4 {[%emt 0:22:24]} 16. f3 {[%emt 0:05:10]} g5 {[%emt 0:03:45]} 17. a5 {[%emt 0:14:09]} Rg8 {[%emt 0:08:43]} 18. Kh1 {[%emt 0:12:07]} g4 {[%emt 0:08:53]} 19. fxg4 {[%emt 0:18:59]} Bh6 {[%emt 0:14:09]} 20. g5 {[%emt 0:05:31]} Bxg5 {[%emt 0:01:45]} 21. Nxg5 {[%emt 0:03:49]} Qxg5 {[%emt 0:00:06]} 22. Bxf4 {[%emt 0:00:38]} exf4 {[%emt 0:00:46]} 23. Qd4+ {[%emt 0:00:23]} Rg7 {[%emt 0:01:38]} 24. Qxf4 {[%emt 0:01:34]} Qxf4 {[%emt 0:00:33]} 25. Rxf4 {[%emt 0:00:08]} Ng6 {[%emt 0:00:04]} 26. Rf1 {[%emt 0:00:57]} Bd7 {[%emt 0:02:38]} 27. a6 {[%emt 0:02:12]} b5 {[%emt 0:01:02]} 28. Bxb5 {[%emt 0:01:35]} dxc5 {[%emt 0:00:38]} 29. bxc5 {[%emt 0:00:12]} Rb8 {[%emt 0:00:22]} 30. c6 {[%emt 0:00:52]} Be8 {[%emt 0:00:31]} 31. Re2 {[%emt 0:01:06]} Bf7 {[%emt 0:00:18]} 32. Rf5 {[%emt 0:01:37]} Nh4 {[%emt 0:00:34]} 33. Rfe5 {[%emt 0:00:11]} Ng6 {[%emt 0:00:18]} 34. Rf5 {[%emt 0:02:46]} Nh4 {[%emt 0:00:10]} 35. Rf4 {[%emt 0:00:06]} Ng6 {[%emt 0:01:02]} 36. Rd4 {[%emt 0:00:07]} Rgg8 {[%emt 0:00:32]} 37. h3 {[%emt 0:00:17]} Rgd8 {[%emt 0:00:14]} 38. Bc4 {[%emt 0:00:43]} Kg7 {[%emt 0:00:19]} 39. Bd3 {[%emt 0:02:00]} Rb6 {[%emt 0:00:41]} 40. Kh2 {[%emt 0:00:29]} Rxc6 {[%emt 0:00:52]} 41. dxc6 {[%emt 0:01:16]} Rxd4 {[%emt 0:00:04]} 42. Bxg6 {[%emt 0:01:29]} Kxg6 {[%emt 0:00:20]} 43. Nb5 {[%emt 0:00:45]} Ra4 {[%emt 0:00:55]} 44. Rc2 {[%emt 0:06:09]} Rxa6 {[%emt 0:00:45]} 45. Nxc7 {[%emt 0:00:04]} Rb6 {[%emt 0:00:09]} 46. Rc5 {[%emt 0:00:16]} a6 {[%emt 0:00:37]} 47. Kg3 {[%emt 0:01:31]} Kf6 {[%emt 0:00:30]} 48. Kf4 {[%emt 0:00:41]} Rb4+ {[%emt 0:00:21]} 49. Ke3 {[%emt 0:00:17]} Rb3+ {[%emt 0:00:19]} 50. Kd4 {[%emt 0:00:14]} Rb4+ {[%emt 0:00:04]} 51. Kc3 {[%emt 0:00:26]} Rb3+ {[%emt 0:00:04]} 52. Kd4 {[%emt 0:01:09]} Rb4+ {[%emt 0:00:04]} 53. Kd3 {[%emt 0:00:12]} Rb2 {[%emt 0:01:30]} 54. Nd5+ {[%emt 0:01:14]} Ke5 {[%emt 0:01:19]} 55. Ne3+ {[%emt 0:00:46]} Kd6 {[%emt 0:00:24]} 56. c7 {[%emt 0:00:09]} Be6 {[%emt 0:00:06]} 57. c8=Q {[%emt 0:00:04]} Bxc8 {[%emt 0:00:26]} 58. Rxc8 {[%emt 0:00:04]} Rb7 {[%emt 0:00:50]} 59. Ra8 {[%emt 0:00:19]} Ke5 {[%emt 0:00:27]} 60. Rxa6 {[%emt 0:00:12]} Kf4 {[%emt 0:00:08]} 61. Ra4+ {[%emt 0:00:22]} Kg3 {[%emt 0:00:15]} 62. Rg4+ {[%emt 0:00:17]} Kf2 {[%emt 0:00:08]} 63. Nd5 {[%emt 0:00:33]} Ra7 {[%emt 0:00:53]} 64. Ke4 {[%emt 0:00:44]} Ra4+ {[%emt 0:00:43]} 65. Kf5 {[%emt 0:00:14]} Ra5 {[%emt 0:00:04]} 66. Ke6 {[%emt 0:00:21]} Ra6+ {[%emt 0:00:34]} 67. Kf7 {[%emt 0:00:24]} Ra7+ {[%emt 0:00:16]} 68. Kf6 {[%emt 0:00:17]} Rb7 {[%emt 0:00:09]} 69. h4 {[%emt 0:00:23]} 1-0

[Event "ROU-ch Open 2021"]
[Site "Iasi"]
[Date "2021.04.22"]
[Round "5.12"]
[White "Ognean, Mihnea-Ionut"]
[Black "Sarighioleanu, Sebastian-Laurentiu"]
[Result "1-0"]
[WhiteElo "2298"]
[BlackElo "1902"]
[Annotator "ChessBase"]
[PlyCount "89"]
[EventDate "2021.04.19"]
[EventType "swiss"]
[EventCountry "ROU"]
[SourceTitle "playchess.com"]
[Source "ChessBase"]
[SourceQuality "1"]
[TimeControl "5400+30"]

1. e4 {[%emt 0:00:00]} c5 {[%emt 0:00:00]} 2. Nf3 {[%emt 0:00:00]} e6 {[%emt 0:00:00]} 3. d4 {[%emt 0:00:19]} cxd4 {[%emt 0:00:07]} 4. Nxd4 {[%emt 0:00:04]} a6 {[%emt 0:00:21]} 5. c4 {[%emt 0:00:20]} Nf6 {[%emt 0:00:46]} 6. Nc3 {[%emt 0:00:09]} Qc7 {[%emt 0:00:25]} 7. a3 {[%emt 0:00:14]} b6 {[%emt 0:00:44]} 8. Be3 {[%emt 0:00:30]} Bb7 {[%emt 0:00:41]} 9. f3 {[%emt 0:00:06]} d6 {[%emt 0:02:28]} 10. Qd2 {[%emt 0:01:09]} Be7 {[%emt 0:01:20]} 11. Be2 {[%emt 0:00:21]} O-O {[%emt 0:01:14]} 12. O-O {[%emt 0:00:34]} Nbd7 {[%emt 0:00:57]} 13. b4 {[%emt 0:00:24]} Rac8 {[%emt 0:04:02]} 14. Rac1 {[%emt 0:00:25]} Rfe8 {[%emt 0:01:44]} 15. Rc2 {[%emt 0:01:38]} Qb8 {[%emt 0:07:05]} 16. Kh1 {[%emt 0:01:35]} Ne5 {[%emt 0:15:00]} 17. Na4 {[%emt 0:02:17]} Nfd7 {[%emt 0:03:02]} 18. Rb1 {[%emt 0:05:12]} Ba8 {[%emt 0:10:02]} 19. Qc1 {[%emt 0:01:41]} Bb7 {[%emt 0:14:26]} 20. Nb3 {[%emt 0:14:23]} Bc6 {[%emt 0:06:28]} 21. Nb2 {[%emt 0:01:15]} h5 {[%emt 0:01:48]} 22. a4 {[%emt 0:06:21]} Bd8 {[%emt 0:03:13]} 23. b5 {[%emt 0:06:55]} Bb7 {[%emt 0:02:18]} 24. a5 {[%emt 0:00:08]} axb5 {[%emt 0:03:03]} 25. cxb5 {[%emt 0:01:30]} Rxc2 {[%emt 0:04:08]} 26. Qxc2 {[%emt 0:00:03]} bxa5 {[%emt 0:00:19]} 27. Na4 {[%emt 0:01:18]} h4 {[%emt 0:04:27]} 28. b6 {[%emt 0:07:40]} Qa8 {[%emt 0:01:02]} 29. Nd4 {[%emt 0:03:11]} h3 {[%emt 0:01:35]} 30. Nb5 {[%emt 0:00:49]} hxg2+ {[%emt 0:01:10]} 31. Kxg2 {[%emt 0:07:39]} f5 {[%emt 0:06:12]} 32. Nxd6 {[%emt 0:01:32]} fxe4 {[%emt 0:00:09]} 33. f4 {[%emt 0:00:08]} Rf8 {[%emt 0:03:38]} 34. fxe5 {[%emt 0:00:29]} Bg5 {[%emt 0:01:37]} 35. Bxg5 {[%emt 0:24:44]} e3+ {[%emt 0:00:00]} 36. Kg3 {[%emt 0:00:06]} Rf2 {[%emt 0:01:42]} 37. Qc7 {[%emt 0:00:06]} Rg2+ {[%emt 0:00:35]} 38. Kh3 {[%emt 0:00:04]} Kh7 {[%emt 0:00:38]} 39. Qxb7 {[%emt 0:01:48]} Qf8 {[%emt 0:00:02]} 40. Qxg2 {[%emt 0:00:31]} Nxe5 {[%emt 0:00:20]} 41. Qe4+ {[%emt 0:00:31]} Ng6 {[%emt 0:00:43]} 42. Bd3 {[%emt 0:00:58]} Kg8 {[%emt 0:00:01]} 43. Qxe6+ {[%emt 0:00:13]} Kh8 {[%emt 0:00:01]} 44. Nf7+ {[%emt 0:00:53]} Kg8 {[%emt 0:00:01]} 45. Ne5+ {[%emt 0:00:20]} 1-0

[Event "ROU-ch Open 2021"]
[Site "Iasi"]
[Date "2021.04.22"]
[Round "5.13"]
[White "Ambru, Dan-Calin"]
[Black "Tocan, Cristian"]
[Result "1-0"]
[WhiteElo "1990"]
[BlackElo "2236"]
[Annotator "ChessBase"]
[PlyCount "59"]
[EventDate "2021.04.19"]
[EventType "swiss"]
[EventCountry "ROU"]
[SourceTitle "playchess.com"]
[Source "ChessBase"]
[SourceQuality "1"]
[TimeControl "5400+30"]

1. Nf3 {[%emt 0:06:56]} Nc6 {[%emt 0:00:00]} 2. c4 {[%emt 0:00:25]} e5 {[%emt 0:00:36]} 3. Nc3 {[%emt 0:00:35]} Bc5 {[%emt 0:00:41]} 4. e3 {[%emt 0:03:24]} d6 {[%emt 0:01:47]} 5. a3 {[%emt 0:01:38]} a5 {[%emt 0:00:34]} 6. Be2 {[%emt 0:02:33]} Bg4 {[%emt 0:05:47]} 7. h3 {[%emt 0:03:04]} Bh5 {[%emt 0:02:26]} 8. O-O {[%emt 0:02:33]} Nf6 {[%emt 0:06:10]} 9. d4 {[%emt 0:01:03]} e4 {[%emt 0:11:28]} 10. Nd2 {[%emt 0:03:11]} Bxe2 {[%emt 0:01:23]} 11. Qxe2 {[%emt 0:00:19]} Ba7 {[%emt 0:01:26]} 12. Ncxe4 {[%emt 0:02:55]} Nxe4 {[%emt 0:00:31]} 13. Nxe4 {[%emt 0:00:04]} O-O {[%emt 0:00:30]} 14. b3 {[%emt 0:00:30]} Re8 {[%emt 0:04:50]} 15. Qf3 {[%emt 0:06:02]} Qh4 {[%emt 0:00:30]} 16. Nc3 {[%emt 0:00:30]} Bxd4 {[%emt 0:00:30]} 17. exd4 {[%emt 0:00:30]} Nxd4 {[%emt 0:00:30]} 18. Qd1 {[%emt 0:03:43]} Re6 {[%emt 0:10:22]} 19. Be3 {[%emt 0:04:08]} Nf5 {[%emt 0:02:27]} 20. Qf3 {[%emt 0:01:37]} g6 {[%emt 0:05:28]} 21. Nd5 {[%emt 0:04:37]} Rc8 {[%emt 0:01:54]} 22. g4 {[%emt 0:10:01]} Ng7 {[%emt 0:03:30]} 23. Bd4 {[%emt 0:04:16]} f5 {[%emt 0:01:32]} 24. Bf6 {[%emt 0:05:26]} Rxf6 {[%emt 0:08:52]} 25. Ne7+ {[%emt 0:00:22]} Kh8 {[%emt 0:00:11]} 26. Nxc8 {[%emt 0:00:05]} Rf8 {[%emt 0:00:29]} 27. Na7 {[%emt 0:05:50]} Ne6 {[%emt 0:01:19]} 28. Nb5 {[%emt 0:06:47]} h5 {[%emt 0:05:41]} 29. Qg3 {[%emt 0:01:40]} Qf6 {[%emt 0:01:16]} 30. Qc3 {[%emt 0:01:27]} 1-0

[Event "ROU-ch Open 2021"]
[Site "Iasi"]
[Date "2021.04.22"]
[Round "5.14"]
[White "Baratosi, Daniel"]
[Black "Negrean, Andrei"]
[Result "0-1"]
[WhiteElo "2355"]
[BlackElo "1904"]
[Annotator "TA"]
[PlyCount "64"]
[EventDate "2021.04.19"]
[EventType "swiss"]
[EventCountry "ROU"]
[SourceTitle "playchess.com"]
[Source "ChessBase"]
[SourceQuality "1"]

{[%evp 26,64,0,0,0,0,0,0,0,-150,-153,-127,-88,-97,-114,-148,-37,-147,-117,-142,-141,-360,-367,-698,-652,-775,-763,-668,-549,-993,-930,-882,-812,-860,-820,-1080,-1047,-1403,-1397,-1077,-508]} 1. e4 c5 2. Nf3 d6 3. d4 cxd4 4. Nxd4 Nf6 5. Nc3 a6 6. Bg5 e6 7. f4 Nbd7 8. Qf3 Qc7 9. O-O-O b5 {[%cal Bb7b5,Bb5b4][%mdl 32]} 10. Bd3 Bb7 11. Rhe1 Be7 12. Qg3 b4 13. Nd5 exd5 14. exd5 {And now Nf5 would win.} Kd8 $1 {B99: Sicilian Najdorf: 6 Bg5 e6 7 f4 Be7 8 Qf3 Qc7 9 0-0-0 Nbd7.} 15. Nc6+ Bxc6 16. dxc6 Nc5 {The position is equal.} ({Reject} 16... Qxc6 17. Bxf6 Nxf6 18. Qxg7 $14) 17. Bf5 {[#]} (17. Bh4 $11 Rg8 18. Re2) 17... Re8 $146 ({Predecessor:} 17... Qxc6 18. Bh4 g6 19. Qe3 Ra7 20. Bh3 Rc7 21. Re2 Nfe4 22. Qd4 Re8 23. Bxe7+ Rcxe7 {0-1 (37) Hong,X (2129)-Guo,S (1767) Zhongshan 2015}) 18. Qf3 Rb8 {[%cal Ba8b8,Bb8b5,Bb5f5][%mdl 32]} 19. Re5 {aiming for Rxc5.} Rb5 20. Kb1 Qb6 (20... g6 $17 21. Bd3 Ra5) 21. Re2 {[#]} ({Better is} 21. Re3 $15) 21... Na4 $1 22. Bxf6 gxf6 $40 {[%mdl 128] Black goes for the king.} 23. Ka1 $2 {White does not recover from this.} (23. Bd3 $17 {was forced.} Qd4 24. c7+ {[%mdl 64] Decoy} Kxc7 25. Qc6+ Kxc6 26. Bxb5+ axb5 27. Rxd4) 23... Rxf5 $19 24. Qe4 $2 (24. Qd3 Qb5 25. Rxe7 Qxd3 26. Rxe8+ Kxe8 27. Rxd3) 24... Ra5 {Black is clearly winning.} 25. Rxd6+ Kc8 {...Nc3! is the strong threat.} 26. Rd7 {[#]} f5 $1 27. Qd3 (27. Qe3 Qxc6) 27... Qg1+ {[%mdl 64] Double Attack} 28. Qd1 Qxd1+ 29. Rxd1 Rc5 30. Rd7 Rxc6 31. Rdxe7 Rxe7 32. Rxe7 Re6 {Weighted Error Value: White=1.36/Black=0.25} (32... Rxc2 $142 {[%cal Rc2c1]} 33. Re1 Rxg2) 0-1

[Event "ROU-ch Open 2021"]
[Site "Iasi"]
[Date "2021.04.23"]
[Round "6.7"]
[White "Nanu, Costica-Ciprian"]
[Black "Jianu, Vlad-Cristian"]
[Result "1/2-1/2"]
[WhiteElo "2503"]
[BlackElo "2532"]
[Annotator "TA"]
[PlyCount "38"]
[EventDate "2021.04.19"]
[EventType "swiss"]
[EventCountry "ROU"]
[SourceTitle "playchess.com"]
[Source "ChessBase"]
[SourceQuality "1"]

{[%evp 21,23,10,30,3]} 1. Nf3 Nf6 2. c4 e6 3. d4 d5 4. Nc3 c5 5. cxd5 Nxd5 6. e4 Nxc3 7. bxc3 cxd4 8. cxd4 Bb4+ 9. Bd2 Bxd2+ 10. Qxd2 O-O 11. Bc4 b6 12. O-O {[#] Not much happened in this game. D41: Queen's Gambit Declined: Semi-Tarrasch with 5 cxd5.} {Predecessor:} Nd7 $146 13. a4 Bb7 14. Rfe1 Nf6 15. Bd3 Rc8 16. a5 h6 17. axb6 axb6 18. h3 Ra8 19. Rab1 Ra3 {0-1 (54) Korobov,A (2688)-Fedoseev,V (2678) chess.com INT 2020} 1/2-1/2